Az utazásregény kezdetei és mai kontextusai

Elmentve itt :
Bibliográfiai részletek
Szerzők: Čudić Marko
Virág Zoltán
Testületi szerző: Modern Magyar Irodalom TDK
Dokumentumtípus: Prezentáció
Megjelent: 2012
Kulcsszavak:magyar irodalom története
Tárgyszavak:
Online Access:http://eta.bibl.u-szeged.hu/4150
LEADER 00793nnm a2200229 i 4500
001 eta4150
005 20201210143656.0
008 201210s2012 hu o 0|| hun d
040 |a SZTE Elektronikus Tananyag Archívum  |b hun 
041 |a hun 
100 1 |a Čudić Marko 
245 1 3 |a Az utazásregény kezdetei és mai kontextusai  |h [elektronikus dokumentum] /  |c  Čudić Marko 
260 |c 2012 
300 |a 11 
516 |a Presentation 
650 4 |a Bölcsészettudományok 
650 4 |a Nyelvek és irodalom 
650 4 |a Általános irodalomtudományok 
695 |a magyar irodalom története 
700 0 1 |a Virág Zoltán  |e aut 
711 |a Modern Magyar Irodalom TDK  |c Szeged, Magyarország  |d 2012. 03. 27. 
856 4 0 |u https://eta.bibl.u-szeged.hu/4150/1/2010-0012_81_02.pdf  |z Dokumentum-elérés